Państwa Świata w narzędniku - Statystyki

Ogólne statystyki
  • Ten quiz został rozwiązany 50 razy
  • Średni wynik to 114 z 196
Odpowiedzi na mapie
Odpowiedzi zakodowano w zielono-czerwonej skali na mapie do tego quizu, zgodnie z poniższymi procentami.
 
Statystyki odpowiedzi
Kraj % Poprawnych
Polską
84%
Kanadą
73%
Brazylią
70%
Meksykiem
70%
Portugalią
70%
Rosją
70%
Stanami Zjednoczonymi
70%
Danią
68%
Francją
68%
Hiszpanią
68%
Holandią
68%
Niemcami
68%
Wielką Brytanią
68%
Argentyną
65%
Chile
65%
Chinami
65%
Estonią
65%
Indiami
65%
Kubą
65%
Litwą
65%
Łotwą
65%
Omanem
65%
Panamą
65%
Peru
65%
Ukrainą
65%
Albanią
62%
Australią
62%
Belgią
62%
Białorusią
62%
Bułgarią
62%
Chorwacją
62%
Czarnogórą
62%
Czechami
62%
Dominiką
62%
Dominikaną
62%
Finlandią
62%
Grecją
62%
Gruzją
62%
Haiti
62%
Irlandią
62%
Islandią
62%
Kazachstanem
62%
Kolumbią
62%
Luksemburgiem
62%
Maltą
62%
Norwegią
62%
Pakistanem
62%
Rumunią
62%
Serbią
62%
Słowacją
62%
Słowenią
62%
Szwajcarią
62%
Szwecją
62%
Turcją
62%
Uzbekistanem
62%
Węgrami
62%
Włochami
62%
Afganistanem
59%
Algierią
59%
Andorą
59%
Arabią Saudyjską
59%
Armenią
59%
Austrią
59%
Azerbejdżanem
59%
Belize
59%
Boliwią
59%
Bośnią i Hercegowiną
59%
Cyprem
59%
Egiptem
59%
Ekwadorem
59%
Filipinami
59%
Gujaną
59%
Indonezją
59%
Irakiem
59%
Iranem
59%
Izraelem
59%
Japonią
59%
Jemenem
59%
Katarem
59%
Kenią
59%
Kirgistanem
59%
Koreą Północną
59%
Koreą Południową
59%
Kosowem
59%
Kuwejtem
59%
Macedonią Północną
59%
Marokiem
59%
Mjanmą
59%
Mołdawią
59%
Monako
59%
Mongolią
59%
Nikaraguą
59%
Nową Zelandią
59%
Paragwajem
59%
Tadżykistanem
59%
Turkmenistanem
59%
Urugwajem
59%
Wenezuelą
59%
Zjednoczonymi Emiratami Arabskimi
59%
Bahamami
57%
Bangladeszem
57%
Botswaną
57%
Czadem
57%
Eswatini
57%
Etiopią
57%
Ghaną
57%
Gwatemalą
57%
Gwineą
57%
Gwineą Równikową
57%
Hondurasem
57%
Jamajką
57%
Jordanią
57%
Kambodżą
57%
Kongiem
57%
Lesotho
57%
Libanem
57%
Liberią
57%
Libią
57%
Madagaskarem
57%
Malediwami
57%
Malezją
57%
Mali
57%
Mikronezją
57%
Namibią
57%
Nepalem
57%
Nigerią
57%
Papuą-Nową Gwineą
57%
Salwadorem
57%
San Marino
57%
Senegalem
57%
Sri Lanką
57%
Surinamem
57%
Syrią
57%
Tajlandią
57%
Tunezją
57%
Watykanem
57%
Wyspami Marshalla
57%
Zambią
57%
Zimbabwe
57%
Angolą
54%
Antiguą i Barbudą
54%
Bahrajnem
54%
Beninem
54%
Bhutanem
54%
Brunei
54%
Burkiną Faso
54%
Dżibuti
54%
Erytreą
54%
Fidżi
54%
Gabonem
54%
Kiribati
54%
Komorami
54%
Kostaryką
54%
Laosem
54%
Liechtensteinem
54%
Malawi
54%
Mauretanią
54%
Mauritiusem
54%
Mozambikiem
54%
Nauru
54%
Palau
54%
Republiką Południowej Afryki
54%
Republiką Zielonego Przylądka
54%
Seszelami
54%
Sierra Leone
54%
Singapurem
54%
Somalią
54%
Sudanem
54%
Sudanem Południowym
54%
Tajwanem
54%
Timorem Wschodnim
54%
Togo
54%
Tonga
54%
Ugandą
54%
Wietnamem
54%
Wybrzeżem Kości Słoniowej
54%
Barbadosem
51%
Demokratyczną Republiką Konga
51%
Gwineą Bissau
51%
Republiką Środkowoafrykańską
51%
Rwandą
51%
Saint Lucia
51%
Samoa
51%
Tanzanią
51%
Tuvalu
51%
Vanuatu
51%
Wyspami Salomona
51%
Wyspami Świętego Tomasza i Książecą
51%
Burundi
49%
Gambią
49%
Kamerunem
49%
Nigrem
49%
Grenadą
46%
Trynidadem i Tobago
46%
Saint Vincent i Grenadynami
43%
Saint Kitts i Nevisem
41%
Nie znaleziono quizów pasujących do podanych kryteriów
Rozkład punktacji
Procent ludzi z każdym wynikiem
Percentyl według liczby udzielonych odpowiedzi
Twoja historia wyników
Nie rozwiązałeś tego quizu